000 01168nam a2200253 i 4500
001 53324
003 ES-MaACL
005 20230906162739.0
007 t|
008 031020s1856 fr |||| | fre d
245 0 0 _aErotikon logon syngrapheis =
_bErotici scriptores /
_cParthenius, Achilles Tatius, Longus, Xenophon Ephesius, Heliodorus, Chariton Aphrodisiensis, Antonius Diogenes, Iamblichus ex nova recensione Guillelmi Adriani Hirschig : Eumathius ex recensione Philippi Le Bas : Apollonii Tyrii Historia ex cod. Paris. edita a J. Lapaume : Nicetas Eugenianus ex nova recensione Boissonadii : Graece et Latine cum indice historico.
246 3 1 _aErotici scriptores
260 _aParisiis :
_bFirmin Didot,
_c1856.
300 _aXXXIV, 644, 69 p. ;
_c25 cm.
490 1 _aScriptorum graecorum bibliotheca ;
_v51
546 _aTexto paralelo en griego y latín.
597 _aTexto a 2 col.
650 4 _aLiteratura erótica griega.
_9163120
700 1 _aHirschig, Guillaume Adrien.
_963814
700 0 _aPartenio de Nicea.
_989291
830 1 _aScriptorum graecorum bibliotheca ;
_v51
_9182435
852 _aES-MaACL
_jB-2471
999 _c53324
_d53324